Open Data Biblioteca Nacional de Portugal


República Portuguesa: Ministério da Cultura
Biblioteca Nacional de Portugal

Catálogo da BNP: acesso por Identificadores Unívocos
Registos Bibliográficos associados ao registo de autoridade

Etiqueta de registo: 00000nam 2200025 450
001 1856888
003 http://id.bnportugal.gov.pt/bib/catbnp/1856888
100 ## $a20131125d2013 k y0pory01030103ba
101 0# $aeng
102 ## $aPT
105 ## $ay m 000yy
106 ## $ar
200 1# $a The psychosocial adaptation of children and adolescents with cerebral Palsy and their parents$e a different matter or the matter of a difference?$fCarlos Fernando de Paulo Carona$gorient. Maria Cristina Canavarro, Martin Bax
210 #9 $aCoimbra$c[s.n.],$d2013
215 ## $a[14], 307 p.$d30 cm
215 ## $a1 disco ótico (CD-ROM) em caixa$d13 x 14 x 1 cm
305 ## $aEd. impressa e em CD-ROM
320 ## $aContém bibliografia
328 #1 $aTese dout. Clinical Psychology, Fac. of Psychology and Education Sciences, Univ. of Coimbra, 2013
675 ## $a316.47-055.5/.6(043)$vBN$zpor$31317121
675 ## $a616.8-009.1-053.2/.6(043)$vBN$zpor$31559761
675 ## $a159.97-053.2/.6(043)$vBN$zpor$31559762
700 #1 $aCarona,$bCarlos Fernando de Paulo$31554378
702 #1 $aBax,$bMartin$4727$3148150
702 #1 $aCanavarro,$bCristina$4727$3941630
801 #0 $aPT$bBN$gRPC
966 ## $lBN$mDEM$sS.A. 55465 P.$x1
966 ## $lBN$mFGMON$sS.A. 152474 V.$x1

Etiqueta de registo: 00254nam 2200025 450
001 2252001
003 http://id.bnportugal.gov.pt/bib/catbnp/2252001
100 ## $a20260116d2025 k y0pory01030103ba
101 0# $aeng$dpor
102 ## $aPT
105 ## $ay m 000yy
106 ## $ar
200 1# $aCentrality of the COVID-19 pandemic outbreak and adaptation outcomes in nurses$eadversity, resilience, and contrasts$fCatarina Alves Vitorino$gsci. supervision Carlos Corona, Maria Cristina Canavarro
210 #9 $aCoimbra$c[s.n.],$d2025
215 ## $aXXXI, [1], 445 p.$d30 cm
328 #1 $aTese dout. Psychology (Clinical and Health Psychology), Faculty of Psychology and Educational Sciences of the University of Coimbra, 2025
675 ## $a159.97(043)$vBN$zpor$3527892
675 ## $a616.98-036.2(043)$vBN$zpor$31270325
700 #1 $aVitorino,$bCatarina$31980361
702 #1 $aCarona,$bCarlos Fernando de Paulo$4727$31554378
702 #1 $aCanavarro,$bCristina$4727$3941630
801 #0 $aPT$bBN$gRPC
966 ## $lBN$mFGMON$sS.A. 193238 V.$x1
971 ## $cisantos$d20260121
972 ## $e0$z0$d20260313$vlrevez
973 ## $cigoulao$d20260312

Etiqueta de registo: 00254nam 2200025 450
001 2284182
003 http://id.bnportugal.gov.pt/bib/catbnp/2284182
100 ## $a20260413d2025 k y0pory01030103ba
101 0# $aeng$dpor
102 ## $aPT
105 ## $ay m 001yy
106 ## $ar
200 1# $aTalk-to-heal$edevelopment and feasibility assessment of a theory-driven training program to optimize physician-patient communication$fAna Cláudia Alves Nogueira$gorient. Carlos Fernando de Paulo Carona, Cláudia Sofia Melo e Silva, Maria Cristina Cruz Sousa Portocarrero Canavarro
210 #9 $aCoimbra$c[s.n.],$d2025
215 ## $aXXXIII, 463, [1] p.$d30 cm
328 #1 $aTese dout. Psicologia (Psicologia Clínica e da Saúde), Faculdade de Psicologia e de Ciências da Educação da Universidade de Coimbra, 2025
675 ## $a159.97(043)$vBN$zpor$3527892
675 ## $a614.253(043)$vBN$zpor$3979955
700 #1 $aNogueira,$bAna Cláudia Alves$31995458
702 #1 $aCarona,$bCarlos Fernando de Paulo$4727$31554378
702 #1 $aSilva,$bCláudia Sofia Melo e$4727$31717930
702 #1 $aCanavarro,$bCristina$4727$3941630
801 #0 $aPT$bBN$gRPC
966 ## $lBN$mFGMON$sS.A. 193774 V.$x1
971 ## $cisantos$d20260413
972 ## $e0$z0$d20260526$vlrevez
973 ## $csteixeira$d20260505

OpendataBNP@bnportugal.pt | Mais informação sobre acesso aos dados BNP